| 000 | 00971nmm a2200289 a 4500 | ||
|---|---|---|---|
| 001 | ocm000667954 | ||
| 003 | TR-IsHL | ||
| 005 | 20201028125148.0 | ||
| 008 | 110704s2009 tu tur | ||
| 007 | cr cn | ||
| 035 |
_a667954 _b(N$T) |
||
| 050 | 0 | 4 |
_aB3317.N54 _bE2 2009 |
| 090 | 0 | 4 |
_aB3317.N54 _bE2 2009 |
| 100 | 1 | _aNietzsche, Friedrich Wilhelm | |
| 245 | 1 | 0 |
_aEcce Homo _h[electronic resource] / _cFriedrich Wilhelm Nietzsche ; çev. Elif Yıldırım |
| 250 | _a1. bs. | ||
| 260 |
_aİstanbul : _bOda Yayınları, _c2009 |
||
| 300 | _a142 p. | ||
| 650 | 4 | _aFelsefe, Psikoloji ve Din | |
| 650 | 4 | _aPhilosophy, Psychology and Religion | |
| 650 | 0 | _aNietzsche, Friedrich Wilhelm, 1844-1900 | |
| 650 | 0 | _aFelsefe, Alman | |
| 650 | 0 | _aPhilosophy, German | |
| 650 | 7 |
_aPHILOSOPHY / Ethics & Moral Philosophy _2bisacsh |
|
| 700 | 1 | _aYıldırım, Elif | |
| 856 | 4 | 0 | _uhttp://search.ebscohost.com/login.aspx?direct=true&scope=site&db=e011xww&AN=667954 |
| 999 |
_c3336 _d3336 |
||